| 000 | 01011nam a2200193 i 4500 | ||
|---|---|---|---|
| 001 | 187941 | ||
| 003 | ES-MaACL | ||
| 005 | 20250727190230.0 | ||
| 008 | 180328s1927 sp |||| | spa d | ||
| 100 | 0 |
_aPérez del Pulgar, José Agustín. _990820 |
|
| 245 | 1 | 3 |
_aLa cooperación de la técnica alemana en la explotación de los carbones españoles de escasa potencia calorífica por combustión directa _b: conferencia pronunciada el día 12 de enero de 1927 / _cpor J. A. Pérez del Pulgar. |
| 260 |
_aMadrid : _b[s.n.], _c1927 ( _fBlass) |
||
| 300 |
_a34 p. ; _c23 cm. |
||
| 490 | 1 |
_aConferencias dadas en el Centro de intercambio intelectual germano-español. Segunda serie ; _v3 |
|
| 650 | 4 |
_aIndustria del carbón- _zEspaña. _9156099 |
|
| 830 | 0 | 0 |
_aConferencias dadas en el Centro de Intercambio Intelectual Germano-Español. _pSegunda serie _v3 _9192934 |
| 852 |
_aES-MaACL _jC-8111(34) _z.- Donat. del Centro de Intercambio Intelectual Germano-Español (Madrid) |
||
| 999 |
_c187941 _d187941 |
||